| 000 | 00745nam a2200241 i 4500 | ||
|---|---|---|---|
| 001 | bg | ||
| 100 | 1 | _aLEJDY, Brunon | |
| 245 | 1 | 0 |
_aLaboratorium urządzeń elektroenergetycznych / _cBrunon Lejdy, Andrzej Sajczyk. |
| 250 | _aWyd.2 popr. i rozsz. | ||
| 260 |
_aBiałystok : _bWydawnictwa PB, _c1993. |
||
| 300 |
_a200 s. : _brys., wykr. ; _c23 cm. |
||
| 490 | 1 | _aSkrypty / Politechnika Białostocka | |
| 504 | _aBibliogr. s. 198-200. | ||
| 650 | 9 |
_aElektroenergetyka _xurządzenia _xbadanie |
|
| 655 | _aPodręczniki akademickie | ||
| 700 | 1 | _aSAJCZYK, Andrzej | |
| 830 | 0 | _aSkrypty (Politechnika Białostocka) | |
| 040 | _cBPK | ||
| 041 | 0 | _apl | |
| 080 | _a621.31(075.8) | ||
| 942 | _cKS | ||
| 008 | s pl f |000 0 pol | ||
| 999 |
_c6752 _d6752 |
||
| 856 |
_uhttp://koha.tu.koszalin.pl/cgi-bin/koha/opac-detail.pl?biblionumber=6752 _yKatalog online BPK |
||